000 00419nam a2200181Ia 4500
005 20250423101208.0
008 250422s9999 xx 000 0 und d
020 _a0-14-062207-1
050 _aPR 1866 .B46/
100 _aChaucer, Geoffrey, d. 1400
245 4 _aThe canterbury tales
260 _aLondon
260 _bPenguin Books
260 _c1969
300 _a342 p
650 _aLiterature
942 _cBK
999 _c35576
_d35576